| 000 | 00598nam a22001697a 4500 | ||
|---|---|---|---|
| 005 | 20090303094038.0 | ||
| 008 | 090303t xxu||||| |||| 00| 0 eng d | ||
| 037 | _bDPL/PUB | ||
| 245 |
_aTriveni _bIndia's literacy and culturla quarterly |
||
| 260 |
_aHyderabad _bTriveni Foundation _c2009- |
||
| 300 |
_av. _c24 cm |
||
| 310 | _aQuarterly | ||
| 270 |
_a12-13-157 Street No. 2, Tarnaka _bHyderabad _e500017 _k40-27171383 _mtrivenijournal@yahoo.com |
||
| 365 | _bRs. 100.00 per annum | ||
| 942 |
_2ddc _cSR _s1 |
||
| 999 |
_c24654 _d24654 |
||